000 00311nam a2200133Ia 4500
005 20251222142031.0
008 251222s9999||||xx |||||||||||||| ||spa||
020 _a84-305-8185-5
082 _a932.01/B87
100 _aBudge, Wallis
245 0 _aEl Lenguaje de los Faraones:
264 _bTikal
942 _cLIB
999 _c10964
_d10964